| 000 | 00697nam a22002177a 4500 | ||
|---|---|---|---|
| 999 |
_c758 _d758 |
||
| 003 | AR-CdUCM | ||
| 008 | 190225b ||||| |||| 00| 0 spa d | ||
| 040 |
_aMUNICIPALIDAD PROVINCIAL DEL CUSCO _cBIBLIOTECA MUNICIPAL DEL CUSCO |
||
| 082 |
_a869.56 / _bF84 |
||
| 100 |
_aFrontan Quevedo, Fernando _92906 |
||
| 245 |
_aAltillos / _cFrontan Quevedo, Fernando |
||
| 260 |
_aMontevideo - Uruguay : _bRío Negro , _c1987. |
||
| 300 |
_a48 paginas : _c17 cm. |
||
| 440 |
_aCHADAYL - 1987 _92907 |
||
| 650 |
_aPoesia Uruguaya. _92908 |
||
| 650 |
_aPoesia Latinoamericana. _92147 |
||
| 650 |
_aPoesia. _91598 |
||
| 700 |
_aFrontan Quevedo, Fernando _92906 |
||
| 942 |
_2ddc _cLIBROS |
||
| 945 |
_artm _d2019-02-25 |
||